Music Quiz

Random Music or Song Quiz

State Radio Lyrics Quiz Stats

 Plays Quiz not verified by Sporcle

Challenge
Share
Tweet
Embed
Score 0/20 Timer 08:00
0 Plays Today
Lyrics Song % Correct
Where are the Americans now that they fractured your country?CIA
79.4%
A semi just jack knifed on the turnpikeMan in the Hall
78.7%
And the sun will set sad and sick, break these chains I don't want them no moreFight No More
77.4%
A poor man fights and dies for what a rich man only believesGang of Thieves
73.5%
I don't need your world control and the opinion of the inner eliteBohemian Grove
72.3%
No one's asking for hangman's tree, they just looking for something true to believeGunship Politico
72.3%
And your eyes too big for your belly is weakCamilo
70.3%
The journey must continue, it does not start or end hereCalling all Crows
68.4%
Chad Everett Turnpike take me past Manchester down to MassDoctor Ron the Actor
67.1%
Cause the bottles not empty, cause your voices are all thereRight Me Up
65.8%
Lyrics Song % Correct
I had to come and arrest you from your sleep. You see you got too many promises to keep.The Legacy of Margaret Brown
61.9%
Don't underestimate the fate of preordained maliceRevolutionaries
60.6%
Downwind they come up lonely, all hungry for the killSudan
60.6%
And they come from the leaders but we say we never leadHeady Riser
60.6%
Anatole do you have to keep on telling me that this time will pass youRushian
59.4%
They came in truck with their iron wrath driving this country to its dying breathLet It Go
54.2%
Well my friends, gather round. It seems my mind's not so sound.Ill Advised
51.6%
Back from the eastern wars they tell you what they've seenMountain
49.7%
They trampled the voice of the path that's ceasing usDemocracy in Kind
44.5%
At the foot of this pile on Gideon's bed she gave me a needlepoint motorbikeRash of Robberies
44.5%

You're not logged in!

Compare scores with friends on all Sporcle quizzes.
OR
Log In

You Might Also Like...

Show Comments

Extras

Top Quizzes Today


Score Distribution

Your Account Isn't Verified!

In order to create a playlist on Sporcle, you need to verify the email address you used during registration. Go to your Sporcle Settings to finish the process.

Report this User

Report this user for behavior that violates our Community Guidelines.

Details: